Osobne verím v kultúru Gabriela Rothmayerová

Bibliographic Details
Main Authors: Kokavcová, Lýdia (ain), Repa, Marián (Author, ain), Rothmayerová, Gabriela, 1951- (Author, uin)
Format: Article
Language:Slovak
PhysicalDescription:Fotogr.
ISSN:1335-468X
Subjects:

MARC

LEADER 00000nab a2200000 a 4500
001 vtls000733747
003 SK-MaSNL
005 20260302193101.0
008 160314c2000 xo 0 slo
015 |a SNBRB2000/10-28439 
035 |a CLN000085853 
040 |a SNKBUCL  |b slo  |c SNKBUCL  |e AACR2 
041 0 |a slo 
044 |a xo  |c SK 
080 |a 07-051(437.6)  |2 UDC-MRF-SK2 
080 |a 82:929:885.4  |2 UDC-MRF-SK2 
080 |a 885.4:929  |2 UDC-MRF-SK2 
080 |a 929 Rothmayerová, Gabriela  |2 UDC-MRF-SK2 
100 1 |a Kokavcová, Lýdia  |4 ain  |9 843289 
245 1 0 |a Osobne verím v kultúru  |b Gabriela Rothmayerová  |c s hosťom Slova sa rozprávajú Lýdia Kokavcová a Marián Repa 
300 |b Fotogr. 
504 |a Biogr. údaje 
600 1 7 |a Rothmayerová, Gabriela,  |d 1951-  |2 snkbucl  |9 98524 
700 1 |a Repa, Marián  |4 aut  |4 ain  |9 839939 
700 1 |a Rothmayerová, Gabriela,  |d 1951-  |4 aut  |4 uin  |9 98524 
773 0 |x 1335-468X  |t Slovo. Politicko-spoločenský týždenník  |g Roč. 2, č. 10 (2000), s. 4-5 
850 |a Slovenská národná knižnica v Martine 
852 |a SNK  |b KIS3GCP 
958 |a SK 
958 |a BX 
958 |a LX 
958 |a RBX 
999 |c 1443224  |d 1445154